[Event "Kuwait Taher Group Cup"]
[Site "Kuwait"]
[Date "2015.06.27"]
[Round "4"]
[White "Al Qahtani, Mohammad"]
[Black "Elsayed, Gharib"]
[Result "0-1"]
[WhiteElo "1313"]
[BlackElo "1798"]
[PlyCount "48"]
[EventDate "2015.06.24"]
[EventType "swiss"]
[EventRounds "9"]
[EventCountry "KUW"]
[SourceTitle "EXT 2016"]
[Source "ChessBase"]
[SourceDate "2015.10.08"]
[SourceVersion "1"]
[SourceVersionDate "2015.10.08"]
[SourceQuality "1"]

1. c4 Nf6 2. Nc3 g6 3. d3 Bg7 4. e4 d6 5. Nf3 0-0 6. g3 Nc6 7. a3 Bg4 8. Be2 Bh3 9. Ng5 Qd7 10. Bf1 Bxf1 11. Rxf1 h6 12. Nf3 e6 13. e5 Nxe5 14. Nxe5 dxe5 15. Qb3 b6 16. Be3 Qxd3 17. Rd1 Qf5 18. c5 Rad8 19. cxb6 cxb6 20. Qa4 Rxd1+ 21. Kxd1 Qd3+ 22. Ke1 Nd5 23. Bxh6 Bxh6 24. Qh4 Qd2# 0-1